| 000 | 00679nam a2200229 a 4500 | ||
|---|---|---|---|
| 999 |
_c5833 _d5833 |
||
| 001 | 3570 | ||
| 003 | BD-DhUAP | ||
| 005 | 20201221152527.0 | ||
| 008 | 201221s2008 ii a b 001 0 eng d | ||
| 020 | _a9788177585544 | ||
| 040 |
_aDLC _cDLC _dBD-DhUAP _beng |
||
| 082 | 0 | 0 |
_a658.15 GIT _223 |
| 100 | 1 | _aGitman, Lawrence J. | |
| 245 | 1 | 0 |
_aPrinciples of managerial finance / _cLawrence J. Gitman. |
| 250 | _a11th ed. | ||
| 260 |
_aNoida : _bPearson, _cc2008. |
||
| 300 |
_avarious pages : _billustrations ; _c28 cm. |
||
| 504 | _aIncludes bibliographical references and index. | ||
| 650 | 0 |
_aCorporations _xFinance. |
|
| 650 | 0 |
_aBusiness enterprises _xFinance. |
|
| 942 |
_2ddc _cBK |
||